[Event "COL-ch Amateur U2000"]
[Site "Paipa"]
[Date "2020.02.27"]
[Round "3"]
[White "Ossa, Vladimir"]
[Black "Puerto, Alejandro"]
[Result "1-0"]
[WhiteElo "1999"]
[BlackElo "1830"]
[PlyCount "53"]
[EventDate "2020.02.26"]
[EventType "swiss"]
[EventRounds "9"]
[EventCountry "COL"]
[SourceTitle "CBM 195 Extra"]
[Source "ChessBase"]
[SourceDate "2020.05.31"]
[SourceVersion "1"]
[SourceVersionDate "2020.05.31"]
[SourceQuality "1"]

1. e4 c5 2. g3 Nc6 3. Bg2 e6 4. Ne2 Nge7 5. c3 d5 6. exd5 exd5 7. d4 cxd4 8. cxd4 Be6 9. Nbc3 Qd7 10. 0-0 Nf5 11. Nf4 0-0-0 12. Ncxd5 Nfxd4 13. Be3 Nb5 14. Bxa7 Bxd5 15. Nxd5 Qf5 16. Bb6 Rxd5 17. Bxd5 Nc7 18. Bg2 Be7 19. Rc1 Rd8 20. Qa4 Rd6 21. Rfe1 Bd8 22. Rc5 Qd7 23. b4 Nb8 24. Bxb7+ Kxb7 25. Qa7+ Kc8 26. Bxc7 Bxc7 27. Re8+ 1-0

[Event "COL-ch U2000"]
[Site "Moniquira"]
[Date "2019.07.21"]
[Round "4"]
[White "Velez Rueda, Juan Diego"]
[Black "Puerto, Alejandro"]
[Result "0-1"]
[WhiteElo "1920"]
[BlackElo "1976"]
[PlyCount "50"]
[EventDate "2018.07.19"]
[EventType "swiss"]
[EventRounds "7"]
[EventCountry "COL"]
[SourceTitle "EXT 2021"]
[Source "ChessBase"]
[SourceDate "2020.10.23"]
[SourceVersion "1"]
[SourceVersionDate "2020.10.23"]
[SourceQuality "1"]

1. d4 d5 2. c4 c6 3. Nf3 Bg4 4. Ne5 Bh5 5. Qb3 Qc8 6. cxd5 cxd5 7. Nc3 e6 8. Bf4 f6 9. Nd3 Nc6 10. e3 Qd7 11. Nb5 Rc8 12. Nc5 Bxc5 13. dxc5 e5 14. Nd6+ Kf8 15. Nxc8 Qxc8 16. Bg3 Nge7 17. Be2 Bf7 18. Qa4 h5 19. h3 g5 20. b4 a6 21. Rb1 Kg7 22. b5 axb5 23. Qxb5 Qf5 24. Qxb7 Rb8 25. Bd3 Qxd3 0-1

[Event "Tunja Boyacense op"]
[Site "Tunja"]
[Date "2018.12.16"]
[Round "6"]
[White "Cifuentes, John Jairo"]
[Black "Puerto, Alejandro"]
[Result "1-0"]
[WhiteElo "2186"]
[BlackElo "2019"]
[PlyCount "85"]
[EventDate "2018.12.13"]
[EventType "swiss"]
[EventRounds "7"]
[EventCountry "COL"]
[SourceTitle "CBM 187 Extra"]
[Source "ChessBase"]
[SourceDate "2018.11.04"]
[SourceVersion "1"]
[SourceVersionDate "2018.11.04"]
[SourceQuality "1"]

1. e4 c5 2. Nf3 e6 3. d4 cxd4 4. Nxd4 a6 5. g3 Nc6 6. Bg2 Nf6 7. 0-0 Be7 8. c4 0-0 9. Nc3 h6 10. Be3 Rb8 11. h3 d6 12. b3 Nh7 13. Kh2 Qd7 14. f4 Qc7 15. f5 Rd8 16. fxe6 fxe6 17. Qh5 Bf6 18. Rad1 Qe7 19. Nxc6 bxc6 20. Bd4 e5 21. Be3 Be6 22. Rd2 Nf8 23. Qd1 Bf7 24. Rdf2 Kh7 25. Qc1 Nd7 26. h4 Be6 27. Bd2 Rf8 28. Nd1 Nc5 29. Qc3 Rbd8 30. Ne3 g6 31. b4 Nd7 32. Qa3 Ra8 33. Qa4 Rfc8 34. Qd1 Rf8 35. h5 gxh5 36. Qxh5 Bg5 37. Nf5 Bxf5 38. Rxf5 Rxf5 39. Rxf5 Bf6 40. Qxh6+ Kg8 41. Bg5 Rf8 42. Bxf6 Nxf6 43. Rg5+ 1-0

[Event "Tunja Boyacense op"]
[Site "Tunja"]
[Date "2018.12.14"]
[Round "3"]
[White "Puerto, Alejandro"]
[Black "Torres Torres, Jefferson Arturo"]
[Result "1/2-1/2"]
[WhiteElo "2019"]
[BlackElo "1699"]
[PlyCount "54"]
[EventDate "2018.12.13"]
[EventType "swiss"]
[EventRounds "7"]
[EventCountry "COL"]
[SourceTitle "CBM 187 Extra"]
[Source "ChessBase"]
[SourceDate "2018.11.04"]
[SourceVersion "1"]
[SourceVersionDate "2018.11.04"]
[SourceQuality "1"]

1. e4 c5 2. c3 d5 3. exd5 Qxd5 4. d4 e6 5. Nf3 Nf6 6. Be3 b6 7. Bd3 c4 8. Bc2 Bb7 9. 0-0 Bd6 10. Nbd2 h6 11. Qe2 Qh5 12. Rae1 Ng4 13. h3 Nxe3 14. fxe3 Bg3 15. Ne5 Qxe2 16. Rxe2 Bxe5 17. dxe5 Nd7 18. Nf3 b5 19. e4 0-0 20. Rd2 Nc5 21. Re1 Rad8 22. Rd4 g5 23. b3 Nd3 24. Bxd3 cxd3 25. Re3 Rxd4 26. cxd4 Rd8 27. Rxd3 Bxe4 1/2-1/2

[Event "Tunja Liga Boyaca"]
[Site "Tunja"]
[Date "2017.12.15"]
[Round "3.22"]
[White "Puerto, Alejandro"]
[Black "Castillo Barajas, Jonhatan"]
[Result "1/2-1/2"]
[WhiteElo "1840"]
[BlackElo "1840"]
[PlyCount "89"]
[EventDate "2017.12.14"]
[EventType "swiss"]
[EventRounds "7"]
[EventCountry "COL"]
[SourceTitle "EXT 2024"]
[Source "ChessBase"]
[SourceDate "2023.10.10"]
[SourceVersion "1"]
[SourceVersionDate "2023.10.10"]
[SourceQuality "1"]

1. e4 e5 2. c3 Nc6 3. d4 exd4 4. cxd4 d5 5. e5 Bf5 6. a3 g6 7. Nf3 Bh6 8. Bxh6 Nxh6 9. h3 Bxb1 10. Qxb1 0-0 11. Bb5 Na5 12. b4 c6 13. Bxc6 Nxc6 14. 0-0 Qd7 15. Qd3 f6 16. exf6 Rxf6 17. Ne5 Nxe5 18. dxe5 Re6 19. f4 d4 20. Rad1 Qd5 21. Qf3 Qxf3 22. Rxf3 d3 23. Rfxd3 Rf8 24. g3 Rf7 25. Rd8+ Kg7 26. R1d7 Rxd7 27. Rxd7+ Kf8 28. Rxh7 Nf7 29. g4 Kg8 30. Rh4 g5 31. fxg5 Nxg5 32. Rh5 Rxe5 33. h4 Nf7 34. Rxe5 Nxe5 35. g5 Nf3+ 36. Kf2 Nxh4 37. Kg3 Ng6 38. Kg4 Nf8 39. Kf5 Nd7 40. Ke6 Nb6 41. Kd6 Nc4+ 42. Kc7 Nxa3 43. Kxb7 Nb5 44. Ka6 Nd6 45. Kxa7 1/2-1/2

[Event "Tunja Liga Boyaca"]
[Site "Tunja"]
[Date "2017.12.14"]
[Round "1.10"]
[White "Puerto, Alejandro"]
[Black "Cadena, Juan Manuel"]
[Result "0-1"]
[WhiteElo "1840"]
[BlackElo "2095"]
[PlyCount "52"]
[EventDate "2017.12.14"]
[EventType "swiss"]
[EventRounds "7"]
[EventCountry "COL"]
[SourceTitle "EXT 2024"]
[Source "ChessBase"]
[SourceDate "2023.10.10"]
[SourceVersion "1"]
[SourceVersionDate "2023.10.10"]
[SourceQuality "1"]

1. e4 e5 2. Nf3 Nc6 3. Nc3 Nf6 4. Bb5 Ne7 5. 0-0 c6 6. Ba4 d6 7. d4 Ng6 8. Ne2 Be7 9. c4 0-0 10. h3 Be6 11. Bb3 a5 12. a3 Qc7 13. d5 cxd5 14. cxd5 Bd7 15. Be3 Nxe4 16. Rc1 Qd8 17. Nd2 Nxd2 18. Qxd2 f5 19. f4 e4 20. Bd4 Bf6 21. Bxf6 Qxf6 22. Rc7 Bb5 23. Rxb7 Rab8 24. Rxb8 Rxb8 25. Qxa5 Bxe2 26. Re1 Bd3 0-1